| 000 | 00614nam a2200181Ia 4500 | ||
|---|---|---|---|
| 008 | 151018s9999 xx 000 0 und d | ||
| 082 |
_bRBASDV50093 _a301 |
||
| 100 | _aअमर्त्य सेन | ||
| 245 | _aअस्मिता आणि हिंसाचार | ||
| 250 | _b1 | ||
| 260 |
_bपेग्विन _c2009 |
||
| 300 | _a248 | ||
| 600 | _aअमर्त्य सेन | ||
| 630 | _aअस्मिता आणि हिंसाचार | ||
| 700 | _aअमर्त्य सेन | ||
| 730 | _aअस्मिता आणि हिंसाचार | ||
| 942 | _cBOOK | ||
| 999 |
_c1049074 _d1049071 |
||